000 00421nam a22001577a 4500
003 LK-CoDNM
005 20240919123436.0
008 240801b |||||||| |||| 00| 0 eng d
040 _aLK-CoDNM
_dLK-CoDNM
_eLK-CoDNM
041 _aeng
080 _bGP1958st-01
245 _aCeylon Year Book-1958
_bVolume 1
260 _aColombo
_bDepartment of Statistic
_c1958
300 _bxv, 217p. : ill , map ; 24 cm
942 _cBK
999 _c146220
_d146220